000 00649nam a2200193 a 4500
001 000034653
005 20200930073823.0
008 111012s2008 ag 000 0 spa d
020 _a9789875504110
040 _aDO-SdBNP
_bspa
_cBNPHU
082 _axxxx
_bM516m
245 0 4 _aLas mejores fábulas de todos los tiempos :
_bversiones completa /
_cEsopo ...[et al.]; prólogo y selección Nerio Tello.
260 _aBuenos Aires :
_bLongseller,
_c2008.
300 _a204 p. ;
_c18 cm.
490 1 _aClásicos de siempre
700 1 _aEsopo,
_d620-550 a. de C.
_960046
700 1 _aTello, Nerio,
_epról.
_960090
830 0 _aClásicos de siempre
_960025
999 _c34144
_d34144